000 01187nam a22002657a 4500
005 20170124103155.0
010 _aA-755752
020 _c125.00
035 _aA-755752
037 _bCen Lib/Ret
040 _aDPL
_bHN
082 _a894.2
_bसार्त्रज्यां
100 _aसार्त्र, ज्यां पॉल
_980571
245 _aबुद्धकालीन राजग्रह /
_cज्यां पॉल सार्त्र;अनुवादक विजय अहलुवालिया
246 _aNekrasov /
_bby Jayan Paul Sartr;anuvadak Vijay Ahluwalia
260 _aदिल्ली
_bविधार्थी प्रकाशन
_c1996
270 _aके-71, कृष्णनगर
_bदिल्ली
_e110051
300 _a164पृ.
_c21सेमी(सजिल्द)
650 _aसाहित्य--नाटक
_9147
650 _aहिंदी नाटक
_989264
650 _aLiterature--Drama
_989265
650 _aHindi drama
_989266
700 _aअहलुवालिया, विजय
_944829
942 _2ddc
_cHN
_h894.2
_mसार्त्रज्यां
999 _c120231
_d120231